Statistics for Things That Start With B

Click here to take the quiz!

General Stats

  • This quiz has been taken 821 times
  • The average score is 10 of 15

Answer Stats

HintAnswer% Correct
Popular boys colourblue
96%
Meat; roast ____beef
90%
Building where farm animals are keptBarn
89%
British term for cookiebiscuit
89%
Miley Cyrus' dadBilly Ray Cyrus
83%
Christmas song; Silver ____bells
80%
South American countryBrazil
72%
Capital of SwitzerlandBern
70%
Purple vegtablebeet
60%
Disney Princess movieBeauty and the Beast
58%
Famous Michael Jackson songBillie Jean
57%
Type of whaleBeluga
51%
Common tree typebirch
50%
Canadian ProvinceBritish Columbia
43%
Dog breedBeagle
40%

Score Distribution

Percentile by Number Answered

Percent of People with Each Score

Your Score History

You have not taken this quiz